| 000 | 01772cam a22003858i 4500 | ||
|---|---|---|---|
| 999 |
_c126578 _d126578 |
||
| 001 | 19372247 | ||
| 003 | ARRUPE | ||
| 005 | 20170808103818.0 | ||
| 008 | 161112r20171981pau 001 0 eng | ||
| 010 | _a 2016047122 | ||
| 020 | _a9781589881174 (alk. paper) | ||
| 040 |
_aDLC _beng _erda _cDLC |
||
| 042 | _apcc | ||
| 050 | 0 | 0 |
_aB3279.H48 _bS4574 2017 |
| 082 | 0 | 0 |
_a111 _223 |
| 100 | 1 |
_aBlitz, Mark, _eauthor. _99279 |
|
| 245 | 1 | 0 |
_aHeidegger's Being and time and the possibility of political philosophy / _cMark Blitz. |
| 250 | _aFirst Paul Dry Books edition. | ||
| 260 |
_aPhiladelphia _bPaul Dry Books _c2017 |
||
| 300 |
_a288p. ; _c22cm. |
||
| 500 | _aOriginally published: Ithaca : Cornell University Press, 1981. | ||
| 500 | _aIncludes index. | ||
| 505 | 0 | _aMan and being: preliminary characterization, preliminary problems -- Political possibilities and everyday entities -- Human possibilities and human being -- Death, authenticity, and political possibilities -- Temporality, theory, and practice -- Heideggerian history and Heideggerian politics -- Time and the study of history. | |
| 600 | 1 | 0 |
_aHeidegger, Martin, _d1889-1976. _tBeing and time _934600 |
| 650 | 0 |
_aOntology. _934601 |
|
| 650 | 0 |
_aSpace and time. _92213 |
|
| 650 | 0 |
_aPolitical science _xPhilosophy. _934602 |
|
| 650 | 0 |
_aHistory _xPhilosophy. _934603 |
|
| 906 |
_a7 _bcbc _corignew _d1 _eecip _f20 _gy-gencatlg |
||
| 942 |
_2lcc _cMONOGRAPH |
||